|
|
|
|
| LEADER |
00657nab a2200181 i 4500 |
| 001 |
acta25342 |
| 005 |
20210720144955.0 |
| 008 |
161017s1927 hu o 0|| fre d |
| 022 |
|
|
|a 1166-9667
|
| 040 |
|
|
|a SZTE Egyetemi Kiadványok Repozitórium
|b hun
|
| 041 |
|
|
|a fre
|
| 100 |
1 |
|
|a Eckhardt Sándor
|
| 245 |
1 |
0 |
|a Une anti-marseillaise imprimée en Hongrie
|h [elektronikus dokumentum] /
|c Eckhardt Sándor
|
| 260 |
|
|
|c 1927
|
| 300 |
|
|
|a 396-397
|
| 490 |
0 |
|
|a Revue des études hongroises et finno-ougriennes
|v 5
|
| 695 |
|
|
|a Irodalomtudomány, Művelődéstörténet
|
| 856 |
4 |
0 |
|u http://acta.bibl.u-szeged.hu/25342/1/etudes_hongroises_005_396-397.pdf
|z Dokumentum-elérés
|